Statistics for Actors by Movies #3

Click here to take the quiz!

General Stats

  • This quiz has been taken 47 times
  • The average score is 7 of 15

Answer Stats

MoviesActor% Correct
Men In Black, The Pursuit of Happyness, I Am LegendWill Smith
95%
Taxi Driver, Goodfellas, The IrishmanRobert De Niro
76%
The Maltese Falcon, Casablanca, The African QueenHumphrey Bogart
61%
The Social Network, The Amazing Spider-Man, Hacksaw RidgeAndrew Garfield
59%
Evita, The Mask of Zorro, Puss in BootsAntonio Banderas
59%
East of Eden, Rebel Without a Cause, GiantJames Dean
56%
Ferris Bueller's Day Off, The Lion King, Bee MovieMatthew Broderick
46%
Call Me By Your Name, Lady Bird, Little WomenTimothée Chalamet
44%
Platoon, Mississippi Burning, The Florida ProjectWillem Dafoe
44%
Willy Wonka & The Chocolate Factor, Stir Crazy, See No Evil Hear No EvilGene Wilder
41%
M*A*S*H, Outbreak, The Hunger GamesDonald Sutherland
37%
X-Men, Lord of the Rings: The Two Towers, Flushed AwayIan McKellen
34%
Annie, Big Fish, Erin BrockovichAlbert Finney
24%
Johnny English: Reborn, Sicario, Get OutDaniel Kaluuya
7%
The Martian, Spider-Man: Homecoming, Solo: A Star Wars StoryDonald Glover
5%

Score Distribution

Percentile by Number Answered

Percent of People with Each Score

Your Score History

You have not taken this quiz